书目信息 |
| 题名: |
若干典型驾驶行为影响下的城市道路交通流建模与仿真
|
|
| 作者: | 姬浩, 著 | |
| 分册: | ||
| 出版信息: | 北京 经济管理出版社 2019.03 |
|
| 页数: | 216页 | |
| 开本: | 24cm | |
| 丛书名: | 经济管理学术文库 | |
| 单 册: | ||
| 中图分类: | U491.1 | |
| 科图分类: | ||
| 主题词: | 城市道路--cheng shi dao lu--交通流--交通模型 , 城市道路--cheng shi dao lu--交通流--系统仿真 | |
| 电子资源: | ||
| ISBN: | 978-7-5096-6228-1 | |
| 000 | 01461nam 2200301 450 | |
| 001 | 0100009981 | |
| 005 | 20190905093950.0 | |
| 010 | @a978-7-5096-6228-1@dCNY68.00 | |
| 100 | @a20190831d2019 em y0chiy50 ea | |
| 101 | 0 | @achi |
| 102 | @aCN@b110000 | |
| 105 | @aak a 000yy | |
| 106 | @ar | |
| 200 | 1 | @a若干典型驾驶行为影响下的城市道路交通流建模与仿真@Aruo gan dian xing jia shi xing wei ying xiang xia de cheng shi dao lu jiao tong liu jian mo yu fang zhen@d= Urban road traffic flow evolution based on typical driving behavior@f姬浩著@zeng |
| 210 | @a北京@c经济管理出版社@d2019.03 | |
| 215 | @a216页@c图@d24cm | |
| 225 | 2 | @a经济管理学术文库@Ajing ji guan li xue shu wen ku@i管理类 |
| 314 | @a姬浩, 副教授。 | |
| 320 | @a有书目 (第203-216页) | |
| 330 | @a本研究运用元胞自动机理论, 在对城市道路中高架桥入口处车辆抢道行为、出租车停靠行为、清洁车作业行为和新手驾驶行为特征刻画基础上, 构建元胞自动机交通流模型, 分析四类驾驶行为影响下的固定和移动交通瓶颈特征及城市道路交通流演化规律, 研究结果可为规范驾驶人驾驶行为, 优化道路交通管控提供理论支持和决策参考。 | |
| 410 | 0 | @12001 @a经济管理学术文库@i管理类 |
| 510 | 1 | @aUrban road traffic flow evolution based on typical driving behavior@zeng |
| 606 | 0 | @a城市道路@Acheng shi dao lu@x交通流@x交通模型 |
| 606 | 0 | @a城市道路@Acheng shi dao lu@x交通流@x系统仿真 |
| 690 | @aU491.1@v5 | |
| 701 | 0 | @a姬浩,@Aji hao@f1978-@4著 |
| 801 | 0 | @aCN@c20190905 |
| 905 | @a河南城建学院图书馆@dU491.1@eJ036 | |
| 若干典型驾驶行为影响下的城市道路交通流建模与仿真= Urban road traffic flow evolution based on typical driving behavior/姬浩著.-北京:经济管理出版社,2019.03 |
| 216页:图;24cm.-(经济管理学术文库.管理类) |
| ISBN 978-7-5096-6228-1:CNY68.00 |
| 本研究运用元胞自动机理论, 在对城市道路中高架桥入口处车辆抢道行为、出租车停靠行为、清洁车作业行为和新手驾驶行为特征刻画基础上, 构建元胞自动机交通流模型, 分析四类驾驶行为影响下的固定和移动交通瓶颈特征及城市道路交通流演化规律, 研究结果可为规范驾驶人驾驶行为, 优化道路交通管控提供理论支持和决策参考。 |
| ● |
| 相关链接 |
|
|
|
正题名:若干典型驾驶行为影响下的城市道路交通流建
索取号:U491.1/J036
 
预约/预借
| 序号 | 登录号 | 条形码 | 馆藏地/架位号 | 状态 | 备注 |
| 1 | 1437330 | 214373300 | 自科库501/501自科库 58排2列3层/ [索取号:U491.1/J036] | 在馆 | |
| 2 | 1437331 | 214373319 | 自科库501/501自科库 58排2列3层/ [索取号:U491.1/J036] | 在馆 |